| 000 | 00451 a2200157 4500 | ||
|---|---|---|---|
| 005 | 20250310133725.0 | ||
| 020 | _a978-0-07-340493-6 | ||
| 082 | _a302.35 SHA | ||
| 100 | _aSHANI,A.B. | ||
| 245 | _aBehavior in Organizations: An Experiential Approach. | ||
| 250 | _a9thEd. | ||
| 260 |
_aNew York, _bMcGraw-Hill Irwin, _c2009. |
||
| 300 |
_axvi,520p.:Ill.;figure & table. _bIndex. _c27cm. |
||
| 700 | _aCHANDA,D.A , COGET,F,& LAU, J.B. | ||
| 942 |
_2ddc _cBKS |
||
| 999 |
_c279 _d279 |
||